Online
Catalog

Mercier y Camier / : (Record no. 23876)

MARC details
000 -CABECERA
campo de control de longitud fija 00858nam a2200253 a 4500
001 - NÚMERO DE CONTROL
campo de control 000024383
005 - FECHA Y HORA DE LA ÚLTIMA TRANSACCIÓN
campo de control 20200930022948.0
008 - DATOS DE LONGITUD FIJA--INFORMACIÓN GENERAL
campo de control de longitud fija 110126s1971 sp r 000 f spa d
040 ## - FUENTE DE LA CATALOGACIÓN
Centro catalogador/agencia de origen DO-SdBNP
Lengua de catalogación spa
Centro/agencia transcriptor BNPHU
041 17 - CÓDIGO DE LENGUA
Código de lengua del texto/banda sonora o título independiente spa
Código de lengua original fre
Fuente del código Código de idiomas MARC
082 ## - NÚMERO DE LA CLASIFICACIÓN DECIMAL DEWEY
Número de clasificación 891.62
Número de documento/Ítem B396m
049 ## - FONDOS LOCALES (OCLC)
Fondos de biblioteca BNGR
100 1# - ENTRADA PRINCIPAL--NOMBRE DE PERSONA
Nombre de persona Beckett, Samuel,
Fechas asociadas al nombre 1906-1989
9 (RLIN) 14102
240 10 - TÍTULO UNIFORME
Título uniforme Mercier et Camier.
Lenguaje de la obra Español
245 10 - MENCIÓN DE TÍTULO
Título Mercier y Camier / :
Resto del título Samuel Beckett ; traducción de Félix de Azúa.
260 ## - PUBLICACIÓN, DISTRIBUCIÓN, ETC.
Lugar de publicación, distribución, etc. Barcelona :
Nombre del editor, distribuidor, etc. Lumen,
Fecha de publicación, distribución, etc. 1971.
300 ## - DESCRIPCIÓN FÍSICA
Extensión 183, [7] p. ;
Dimensiones 19 cm.
490 1# - MENCIÓN DE SERIE
Mención de serie Palabra en el tiempo
Designación de volumen o secuencia 79
534 ## - NOTA SOBRE LA VERSIÓN ORIGINAL
Frase introductoria Título original en francés:
Mención de título del original Mercier et Camier.
650 #4 - PUNTO DE ACCESO ADICIONAL DE MATERIA--TÉRMINO DE MATERIA
Término de materia o nombre geográfico como elemento de entrada Novela irlandesa
9 (RLIN) 11511
650 #4 - PUNTO DE ACCESO ADICIONAL DE MATERIA--TÉRMINO DE MATERIA
Término de materia o nombre geográfico como elemento de entrada Literatura irlandesa
Subdivisión cronológica SIGLO XX
9 (RLIN) 50002
700 1# - PUNTO DE ACCESO ADICIONAL--NOMBRE DE PERSONA
Nombre de persona Azúa, Félix de,
Término indicativo de función/relación tr.
9 (RLIN) 50003
830 #0 - PUNTO DE ACCESO ADICIONAL DE SERIE-TÍTULO UNIFORME
Título uniforme Palabra en el tiempo ;
Designación de volumen o secuencia 79
9 (RLIN) 21670
Holdings
Estado de retiro Estado de pérdida Restricciones de uso No para préstamo Código de colección Localización permanente Ubicación/localización actual Ubicación en estantería Fecha de adquisición Número de inventario Total de préstamos Signatura topográfica completa Código de barras Fecha visto por última vez Precio válido a partir de Tipo de ítem Koha
    Préstamo interno   Monografías: Libros y Folletos General General En catalogación 26.01.2011 LF1   891.62 B396m 24383-10 25.06.2020 25.06.2020 Préstamo interno

Powered by Koha